000 00353nam a2200121Ia 4500
008 191111s9999 xx 000 0 und d
020 _a9780470658833
100 _aHales, Steven D.
245 _cSteven D. Hales.--
_aThis is philosophy :
_ban introduction /
260 _aUSA :
_bWiley-Blackwell
_c2013
300 _axvi, 278 pages.
650 _aPhilosophy
999 _c362612
_d362612